Thermodynamics (Record no. 1284)

000 -LEADER
fixed length control field 00633nam a22002294a 4500
001 - CONTROL NUMBER
control field 1284
003 - CONTROL NUMBER IDENTIFIER
control field BD-DhUET
008 - FIXED-LENGTH DATA ELEMENTS--GENERAL INFORMATION
fixed length control field 010119s2002 maua 001 0 eng
020 ## - INTERNATIONAL STANDARD BOOK NUMBER
International Standard Book Number 0070606595
040 ## - CATALOGING SOURCE
Original cataloging agency DLC
Transcribing agency DLC
Modifying agency BD-DhUET
082 00 - DEWEY DECIMAL CLASSIFICATION NUMBER
Classification number 621.01
Item number CEN/2006
100 1# - MAIN ENTRY--PERSONAL NAME
Personal name Çengel, Yunus A.
245 10 - TITLE STATEMENT
Title Thermodynamics
Remainder of title an engineering approach
250 ## - EDITION STATEMENT
Edition statement 5th ed.
260 ## - PUBLICATION, DISTRIBUTION, ETC. (IMPRINT)
Place of publication, distribution, etc. New Delhi
Name of publisher, distributor, etc. Tata McGraw-Hill
Date of publication, distribution, etc. 2006
300 ## - PHYSICAL DESCRIPTION
Extent xxxii, 946p.
Other physical details ill.
490 1# - SERIES STATEMENT
Series statement McGraw-Hill series in mechanical engineering
504 ## - BIBLIOGRAPHY, ETC. NOTE
Bibliography, etc Includes bibliographies

650 #0 - SUBJECT ADDED ENTRY--TOPICAL TERM
Topical term or geographic name as entry element Thermodynamics
700 1# - ADDED ENTRY--PERSONAL NAME
Personal name Boles, Michael A.
942 ## - ADDED ENTRY ELEMENTS (KOHA)
Koha item type General Book
Holdings
Not for loan Copy number Withdrawn status Damaged status Date acquired Koha issues (times borrowed) Price effective from Piece designation (barcode) Koha normalized classification for sorting Location (home branch) Sublocation or collection (holding branch) Lost status Shelving location Koha item type Koha full call number Koha date last borrowed Koha out on loan Source of classification or shelving scheme Koha date last seen
 1  2014-09-0292014-09-02103975621_000000000000000_01CEN2006Central Library, BUETCentral Library, BUET Circulation sectionGeneral Book621.01/CEN/20062022-06-14  2026-04-18
 2  2014-09-02112014-09-02103976621_000000000000000_01CEN2006Central Library, BUETCentral Library, BUET Circulation sectionGeneral Book621.01/CEN/20062018-11-052018-11-19 2018-11-05
 3  2014-09-2332014-09-23103977621_000000000000000_01CEN2006Central Library, BUETCentral Library, BUET Circulation sectionGeneral Book621.01/CEN/20062016-03-012017-03-01 2016-03-01
 4  2015-09-07232015-09-07103978621_010000000000000_CEN_2006Central Library, BUETCentral Library, BUET Circulation sectionGeneral Book621.01/CEN/20062026-03-302026-04-13 2026-03-30